| 000 | 00896cam a2200313 a 4500 | ||
|---|---|---|---|
| 001 | 59362 | ||
| 003 | CO-BoRNBP | ||
| 005 | 20251006152733.0 | ||
| 007 | ta | ||
| 008 | 020426s2002 ck r 00010dspa d | ||
| 020 | _a9580466874 | ||
| 040 |
_ala _cla |
||
| 041 | 0 | _aspa | |
| 082 | 0 | 4 |
_a465 _bA83d _220 ed. |
| 100 | 1 |
_aAvila, Fernando, _d1952- _965326 |
|
| 240 | 0 | _aBogotá-Bibliografía regional | |
| 245 | 1 | 0 |
_aDónde va la tilde / _cFernando Avila. |
| 250 | _aEdición Adriana Delgado. | ||
| 300 |
_axi, 186 p. ; _c21 cm. |
||
| 336 |
_2rdacontent _atexto _btxt |
||
| 337 |
_2rdamedia _asin mediación _bn |
||
| 338 |
_2rdacarrier _avolumen _bnc |
||
| 504 | _aContiene bibliografía. | ||
| 650 | 7 |
_aEspañol _x Gramática. _2BLAAUTO _961276 |
|
| 650 | 7 |
_aEspañol _x Ortografía. _2BLAAUTO _961278 |
|
| 700 | 1 |
_aDelgado, Adriana, _eed. _965328 |
|
| 942 |
_2ddc _cBK |
||
| 949 |
_ac _bn |
||
| 999 |
_c59362 _d59362 |
||